000 00868pam a2200253 i 4500
001 019511288
003 OSt
005 20260303100019.0
008 190812t20202020maua 001 0 eng c
020 _a9780135298343 (Paperback)
_cUSD 40.00
040 _aStDuBDS
_beng
_cStDuBDS
_dNUST
_erda
050 _aTK5105.88813 WIL
100 1 0 _aWilkins, Mark
_eAuthor
245 1 0 _aLearning Amazon Web Services (AWS) :
_ba hands-on guide to the fundamentals of AWS cloud /
_cMark Wilkins.
260 _a[ ]
_bPearson Education,
_c©2020.
300 _axx, 426 pages :
_bIllustrations ;
_c24 cm.
336 _atext
_2rdacontent
_btxt
337 _aunmediated
_2rdamedia
_bn
338 _avolume
_2rdacarrier
_bnc
504 _aIncludes index.
650 0 _aCloud computing.
650 0 _aWeb services.
942 _2lcc
_cBOOKS
_hTK5105.88813 WIL
_kTK
_mWIL
_n0
999 _c172712
_d172712